Statistics for Every NBA Team's Best Defender

Click here to take the quiz!

General Stats

  • This quiz has been taken 57 times
    (16 since last reset)
  • The average score is 11 of 30

Answer Stats

TeamPlayer% Correct
LALAnthony Davis
93%
MIABam Adebayo
86%
BOSMarcus Smart
79%
MINRudy Gobert
79%
MILJrue Holiday
71%
GSWDraymond Green
64%
MEMJaren Jackson Jr.
64%
CLEEvan Mobley
57%
LACKawhi Leonard
57%
INDMyles Turner
50%
BKNNicolas Claxton
50%
DENNikola Jokic
50%
WASKristaps Porzingis
29%
TOROG Anunoby
29%
PHIP.J. Tucker
29%
SACDomantas Sabonis
21%
DETJalen Duren
21%
PORMatisse Thybulle
21%
NYKMitchell Robinson
21%
ATLDe'Andre Hunter
14%
CHADennis Smith Jr
14%
OKLJosh Giddey
14%
PHOKevin Durant
14%
SASDevin Vassell
7%
CHIPatrick Beverley
7%
UTAWalker Kessler
7%
NOPHerb Jones
0%
ORLJonathan Isaac
0%
DALMaxi Kleber
0%
HOUTari Eason
0%

Score Distribution

Percentile by Number Answered

Percent of People with Each Score

Your Score History

You have not taken this quiz since the last reset